| 000 | 00473pab a2200145 454500 | ||
|---|---|---|---|
| 008 | 180718b2007 xxu||||| |||| 00| 0 eng d | ||
| 100 | _aDavis, Paul | ||
| 245 | _aThe effectiveness of relational contracting in a temporary public organization: intensive collaboration between an English local authority and private contractors | ||
| 260 | _c2007 | ||
| 300 | _ap.383-404. | ||
| 650 | _aLocal government | ||
| 773 | _aPublic Administration | ||
| 908 | _aN | ||
| 909 | _a74708 | ||
| 999 |
_c74708 _d74708 |
||